| 000 | 00695nam a2200217 a 4500 | ||
|---|---|---|---|
| 001 | BRL_572 | ||
| 005 | 20190320210815.0 | ||
| 008 | 030913s1972----mx-a######---#000-0#spa-# | ||
| 041 | _aspa | ||
| 044 | _amx | ||
| 050 | 4 |
_aF1219.1.T2 _b.P5 1972 |
|
| 100 | 1 |
_aPiña Chan, Román _9819 |
|
| 245 | 1 | 0 |
_aTeotenango _bPrimer Informe de Exploraciones Arqueológicas : enero a septiembre de 1971 _cRomán Piña Chan. |
| 260 |
_aMéxico _bGobierno del Estado de México, Dirección de Turismo _c1972 |
||
| 300 |
_a34 p. _bil. _c23 cm. |
||
| 500 | _aAu615 | ||
| 650 | 1 | 4 |
_aTeotenango (Mexico) _xAntigüedades _924327 |
| 651 | 4 |
_aTeotenango (Mexico) _xArqueología _924328 |
|
| 902 | _aGRL | ||
| 942 |
_2lcc _cB |
||
| 999 |
_c9384 _d9384 |
||